000 00234nam a22001217a 4500
008 170811b xxu||||| |||| 00| 0 eng d
041 _aeng
080 _a4
100 _a4
101 _a4
245 _a45645
_c4456
942 _2udc
_cBK
999 _c23206
_d23206